[Event "World Youth & Cadets Rapid Championships"]
[Site "Rhodes, Greece"]
[Date "2022.05.01"]
[Round "9.18"]
[White "Lechowski, Witold"]
[Black "Kuru, Atilla"]
[Result "0-1"]
[TimeControl "10'/game & 5\"/move"]
[WhiteElo "1542"]
[BlackElo "2023"]

1. d4 {[%clk 00:10:09]} Nf6 {[%clk 00:10:08]} {[%emt 00:00:03]} 2. c4 {[%clk
00:10:12]} {[%emt 00:00:01]} e6 {[%clk 00:10:12]} {[%emt 00:00:01]} 3. Nf3
{[%clk 00:10:15]} {[%emt 00:00:02]} d5 {[%clk 00:10:15]} {[%emt 00:00:01]} 4.
Nc3 {[%clk 00:10:19]} {[%emt 00:00:02]} c6 {[%clk 00:10:15]} {[%emt 00:00:05]}
5. Bg5 {[%clk 00:10:22]} {[%emt 00:00:02]} Be7 {[%clk 00:10:17]} {[%emt
00:00:03]} 6. e3 {[%clk 00:10:21]} {[%emt 00:00:05]} Nbd7 {[%clk 00:10:20]}
{[%emt 00:00:02]} 7. Bd3 {[%clk 00:10:23]} {[%emt 00:00:03]} O-O {[%clk
00:10:22]} {[%emt 00:00:03]} 8. O-O {[%clk 00:10:25]} {[%emt 00:00:03]} h6
{[%clk 00:10:25]} {[%emt 00:00:03]} 9. Bh4 {[%clk 00:10:28]} {[%emt 00:00:02]}
a6 {[%clk 00:10:25]} {[%emt 00:00:05]} 10. Re1 {[%clk 00:10:15]} {[%emt
00:00:18]} dxc4 {[%clk 00:10:26]} {[%emt 00:00:04]} 11. Bxc4 {[%clk 00:10:18]}
{[%emt 00:00:02]} b5 {[%clk 00:10:30]} {[%emt 00:00:01]} 12. Bd3 {[%clk
00:10:16]} {[%emt 00:00:07]} Bb7 {[%clk 00:10:33]} {[%emt 00:00:01]} 13. Bxf6
{[%clk 00:10:12]} {[%emt 00:00:09]} Nxf6 {[%clk 00:10:29]} {[%emt 00:00:09]} 14.
Ne4 {[%clk 00:10:12]} {[%emt 00:00:05]} Nxe4 {[%clk 00:10:23]} {[%emt
00:00:11]} 15. Bxe4 {[%clk 00:10:15]} {[%emt 00:00:02]} Rc8 {[%clk 00:10:19]}
{[%emt 00:00:10]} 16. Rc1 {[%clk 00:10:00]} {[%emt 00:00:18]} f5 {[%clk
00:10:01]} {[%emt 00:00:24]} 17. Bb1 {[%clk 00:09:46]} {[%emt 00:00:20]} c5
{[%clk 00:10:00]} {[%emt 00:00:06]} 18. dxc5 {[%clk 00:09:34]} {[%emt
00:00:17]} Bxc5 {[%clk 00:09:58]} {[%emt 00:00:06]} 19. Ne5 {[%clk 00:09:05]}
{[%emt 00:00:35]} Qg5 {[%clk 00:09:51]} {[%emt 00:00:11]} 20. Nf3 {[%clk
00:08:33]} {[%emt 00:00:36]} Qf6 {[%clk 00:09:53]} {[%emt 00:00:04]} 21. Qe2
{[%clk 00:08:19]} {[%emt 00:00:18]} e5 {[%clk 00:09:30]} {[%emt 00:00:29]} 22.
Red1 {[%clk 00:08:09]} {[%emt 00:00:16]} Bb6 {[%clk 00:09:07]} {[%emt
00:00:27]} 23. a3 {[%clk 00:07:19]} {[%emt 00:00:55]} Rxc1 {[%clk 00:08:51]}
{[%emt 00:00:21]} 24. Rxc1 {[%clk 00:07:23]} Rd8 {[%clk 00:08:20]} {[%emt
00:00:35]} 25. Rd1 {[%clk 00:06:49]} {[%emt 00:00:40]} e4 {[%clk 00:07:56]}
{[%emt 00:00:30]} 26. Rxd8+ {[%clk 00:06:34]} {[%emt 00:00:20]} Qxd8 {[%clk
00:07:37]} {[%emt 00:00:24]} 27. Ba2+ {[%clk 00:06:04]} {[%emt 00:00:35]} Bd5
{[%clk 00:07:35]} {[%emt 00:00:06]} 28. Bxd5+ {[%clk 00:05:56]} {[%emt
00:00:13]} Qxd5 {[%clk 00:07:39]} {[%emt 00:00:02]} 29. Qd2 {[%clk 00:05:12]}
{[%emt 00:00:49]} Qa2 {[%clk 00:07:23]} {[%emt 00:00:21]} 30. Ne1 {[%clk
00:04:47]} {[%emt 00:00:30]} Qe6 {[%clk 00:07:16]} {[%emt 00:00:11]} 31. h3
{[%clk 00:04:40]} {[%emt 00:00:13]} Bc7 {[%clk 00:07:06]} {[%emt 00:00:15]} 32.
g3 {[%clk 00:03:59]} {[%emt 00:00:45]} Be5 {[%clk 00:07:03]} {[%emt 00:00:08]}
33. b4 {[%clk 00:03:23]} {[%emt 00:00:41]} Qc6 {[%clk 00:07:06]} {[%emt
00:00:02]} 34. Nc2 {[%clk 00:03:13]} {[%emt 00:00:15]} Kh7 {[%clk 00:06:46]}
{[%emt 00:00:25]} 35. Kg2 {[%clk 00:02:57]} {[%emt 00:00:22]} Kg6 {[%clk
00:06:23]} {[%emt 00:00:28]} 36. Nd4 {[%clk 00:02:43]} {[%emt 00:00:19]} Qc4
{[%clk 00:06:23]} {[%emt 00:00:05]} 37. h4 {[%clk 00:02:20]} {[%emt 00:00:28]}
Kf6 {[%clk 00:06:17]} {[%emt 00:00:10]} 38. Nc2 {[%clk 00:02:02]} {[%emt
00:00:23]} Qd3 {[%clk 00:06:20]} {[%emt 00:00:02]} 39. Qc1 {[%clk 00:01:46]}
{[%emt 00:00:21]} Qc3 {[%clk 00:06:02]} {[%emt 00:00:19]} 40. Qd1 {[%clk
00:01:45]} {[%emt 00:00:11]} Ke6 {[%clk 00:05:48]} {[%emt 00:00:19]} 41. Kf1
{[%clk 00:01:37]} {[%emt 00:00:13]} Qd3+ {[%clk 00:05:51]} {[%emt 00:00:02]} 42.
Qe2 {[%clk 00:01:30]} {[%emt 00:00:12]} Qxe2+ {[%clk 00:05:47]} {[%emt
00:00:08]} 43. Kxe2 {[%clk 00:01:33]} {[%emt 00:00:02]} Kd5 {[%clk 00:05:51]}
{[%emt 00:00:01]} 44. Kd2 {[%clk 00:01:03]} {[%emt 00:00:36]} Kc4 {[%clk
00:05:56]} 45. h5 {[%clk 00:00:55]} {[%emt 00:00:12]} Bc3+ {[%clk 00:05:53]}
{[%emt 00:00:08]} 46. Kc1 {[%clk 00:00:56]} {[%emt 00:00:04]} Kb3 {[%clk
00:05:55]} {[%emt 00:00:03]} 47. Kb1 {[%clk 00:00:55]} {[%emt 00:00:05]} Be5
{[%clk 00:05:44]} {[%emt 00:00:15]} 48. Kc1 {[%clk 00:00:57]} {[%emt 00:00:04]}
Bb2+ {[%emt 00:00:02]} 49. Kb1 {[%emt 00:00:01]} Bc3 {[%clk 00:05:35]} {[%emt
00:00:12]} 50. Kc1 {[%clk 00:00:56]} {[%emt 00:00:06]} Kc4 {[%clk 00:05:39]}
{[%emt 00:00:01]} 51. Kd1 {[%clk 00:00:34]} {[%emt 00:00:27]} Kd3 {[%clk
00:05:43]} {[%emt 00:00:01]} 52. Nd4 {[%clk 00:00:33]} {[%emt 00:00:06]} Bxd4
{[%clk 00:05:45]} {[%emt 00:00:02]} 53. exd4 {[%clk 00:00:36]} {[%emt
00:00:02]} Kxd4 {[%clk 00:05:47]} {[%emt 00:00:03]} 54. Kd2 {[%clk 00:00:40]}
Kd5 {[%clk 00:05:40]} {[%emt 00:00:13]} 55. Kc3 {[%clk 00:00:42]} {[%emt
00:00:03]} Ke5 {[%clk 00:05:42]} {[%emt 00:00:03]} 56. Kb3 {[%clk 00:00:42]}
{[%emt 00:00:05]} f4 {[%clk 00:05:43]} {[%emt 00:00:04]} 57. Kc3 {[%clk
00:00:34]} {[%emt 00:00:13]} fxg3 {[%clk 00:05:43]} {[%emt 00:00:04]} 58. fxg3
{[%clk 00:00:37]} {[%emt 00:00:02]} Kf5 {[%clk 00:05:41]} {[%emt 00:00:07]} 59.
Kd4 {[%clk 00:00:41]} Kg4 {[%clk 00:05:45]} 60. Kxe4 {[%clk 00:00:44]} {[%emt
00:00:02]} Kxg3 {[%clk 00:05:49]} {[%emt 00:00:01]} 61. Kf5 {[%clk 00:00:48]}
Kh4 {[%clk 00:05:53]} 62. Ke6 {[%clk 00:00:51]} {[%emt 00:00:03]} Kg5 {[%clk
00:05:56]} {[%emt 00:00:02]} 63. Kd6 {[%clk 00:00:55]} {[%emt 00:00:01]} Kxh5
{[%clk 00:05:58]} {[%emt 00:00:02]} 64. Kc6 {[%clk 00:00:59]} {[%emt 00:00:01]}
g5 {[%clk 00:06:02]} {[%emt 00:00:02]} 65. Kb6 {[%clk 00:01:03]} {[%emt
00:00:01]} g4 {[%clk 00:06:06]} 66. Kxa6 {[%emt 00:00:02]} g3 {[%clk 00:06:10]}
67. Kxb5 {[%clk 00:01:10]} {[%emt 00:00:02]} g2 {[%clk 00:06:14]} 68. a4 {[%clk
00:01:14]} g1=Q {[%clk 00:06:16]} {[%emt 00:00:03]} 69. Ka6 {[%clk 00:01:17]}
{[%emt 00:00:02]} Qd4 {[%clk 00:06:18]} {[%emt 00:00:03]} 70. Ka5 {[%clk
00:01:17]} {[%emt 00:00:05]} Qa7+ {[%clk 00:06:21]} {[%emt 00:00:01]} 71. Kb5
{[%clk 00:01:21]} Kg6 {[%clk 00:06:24]} {[%emt 00:00:03]} 72. a5 {[%clk
00:01:25]} {[%emt 00:00:01]} Kf7 {[%clk 00:06:27]} {[%emt 00:00:02]} 73. a6
{[%clk 00:01:28]} {[%emt 00:00:02]} Ke7 {[%clk 00:06:30]} {[%emt 00:00:02]} 74.
Ka5 {[%clk 00:01:32]} Kd7 {[%clk 00:06:34]} {[%emt 00:00:01]} 75. b5 {[%clk
00:01:36]} {[%emt 00:00:01]} Kc7 {[%clk 00:06:37]} {[%emt 00:00:01]} 0-1

[Event "World Youth & Cadets Rapid Championships"]
[Site "Rhodes, Greece"]
[Date "2022.05.01"]
[Round "9.19"]
[White "Niezhentsev, Kyrylo"]
[Black "Jeronovics, Toms"]
[Result "1-0"]
[TimeControl "10'/game & 5\"/move"]
[WhiteElo "1803"]
[BlackElo "1394"]

1. c4 {[%clk 00:10:08]} {[%emt 00:00:02]} Nf6 {[%clk 00:09:59]} {[%emt
00:00:10]} 2. g3 {[%clk 00:10:12]} {[%emt 00:00:02]} g6 {[%clk 00:10:02]}
{[%emt 00:00:02]} 3. Bg2 {[%clk 00:10:15]} {[%emt 00:00:02]} Bg7 {[%clk
00:10:04]} {[%emt 00:00:02]} 4. Nf3 {[%clk 00:10:18]} {[%emt 00:00:02]} O-O
{[%clk 00:10:02]} {[%emt 00:00:07]} 5. O-O {[%clk 00:10:20]} {[%emt 00:00:04]}
d6 {[%clk 00:10:00]} {[%emt 00:00:06]} 6. d4 {[%clk 00:10:24]} {[%emt
00:00:02]} Nbd7 {[%clk 00:09:17]} {[%emt 00:00:48]} 7. Nc3 {[%clk 00:10:27]}
{[%emt 00:00:02]} e5 {[%clk 00:09:15]} {[%emt 00:00:06]} 8. e4 {[%clk
00:10:31]} {[%emt 00:00:02]} b6 {[%clk 00:09:13]} {[%emt 00:00:07]} 9. h3
{[%clk 00:08:44]} {[%emt 00:01:52]} Bb7 {[%clk 00:08:49]} {[%emt 00:00:28]} 10.
d5 {[%clk 00:08:40]} {[%emt 00:00:10]} Nc5 {[%clk 00:08:38]} {[%emt 00:00:16]}
11. Qc2 {[%clk 00:08:34]} {[%emt 00:00:11]} a5 {[%clk 00:08:14]} {[%emt
00:00:29]} 12. Be3 {[%clk 00:08:31]} {[%emt 00:00:08]} Ncd7 {[%clk 00:07:49]}
{[%emt 00:00:30]} 13. a3 {[%clk 00:07:11]} {[%emt 00:01:25]} Ba6 {[%clk
00:06:33]} {[%emt 00:01:20]} 14. Nd2 {[%clk 00:07:11]} {[%emt 00:00:06]} Qe7
{[%clk 00:05:57]} {[%emt 00:00:41]} 15. b4 {[%clk 00:06:49]} {[%emt 00:00:28]}
axb4 {[%clk 00:05:03]} {[%emt 00:00:58]} 16. axb4 {[%clk 00:06:53]} {[%emt
00:00:01]} Rfb8 {[%clk 00:04:50]} {[%emt 00:00:18]} 17. Ra2 {[%clk 00:05:38]}
{[%emt 00:01:21]} Qd8 {[%clk 00:04:41]} {[%emt 00:00:13]} 18. Rfa1 {[%clk
00:05:26]} {[%emt 00:00:17]} Qc8 {[%clk 00:04:33]} {[%emt 00:00:13]} 19. Qb3
{[%clk 00:03:15]} {[%emt 00:02:17]} h5 {[%clk 00:02:55]} {[%emt 00:01:42]} 20.
Ndb1 {[%clk 00:02:16]} {[%emt 00:01:05]} Bb7 {[%clk 00:02:37]} {[%emt
00:00:22]} 21. Na3 {[%clk 00:02:11]} {[%emt 00:00:10]} Ne8 {[%clk 00:02:25]}
{[%emt 00:00:17]} 22. Nab5 {[%clk 00:02:07]} {[%emt 00:00:09]} Rxa2 {[%clk
00:02:13]} {[%emt 00:00:17]} 23. Rxa2 {[%clk 00:02:01]} {[%emt 00:00:12]} Ra8
{[%clk 00:02:02]} {[%emt 00:00:15]} 24. h4 {[%clk 00:01:32]} {[%emt 00:00:34]}
Ndf6 {[%clk 00:01:29]} {[%emt 00:00:38]} 25. f3 {[%clk 00:01:06]} {[%emt
00:00:31]} Rxa2 {[%clk 00:01:06]} {[%emt 00:00:27]} 26. Qxa2 {[%clk 00:01:09]}
{[%emt 00:00:03]} Qa8 {[%clk 00:01:08]} {[%emt 00:00:03]} 27. Qxa8 {[%clk
00:00:49]} {[%emt 00:00:25]} Bxa8 {[%clk 00:01:11]} {[%emt 00:00:02]} 28. Bh3
{[%clk 00:00:51]} {[%emt 00:00:03]} Kf8 {[%clk 00:01:09]} {[%emt 00:00:07]} 29.
Kf2 {[%clk 00:00:24]} {[%emt 00:00:32]} Ke7 {[%clk 00:01:09]} {[%emt 00:00:05]}
30. Nd1 {[%clk 00:00:13]} {[%emt 00:00:15]} Bb7 {[%clk 00:00:55]} {[%emt
00:00:20]} 31. Nb2 {[%clk 00:00:10]} {[%emt 00:00:08]} Ba6 {[%clk 00:00:52]}
{[%emt 00:00:08]} 32. Na3 {[%clk 00:00:14]} {[%emt 00:00:02]} Kd8 {[%clk
00:00:51]} {[%emt 00:00:05]} 33. Ke1 {[%clk 00:00:12]} {[%emt 00:00:07]} Bc8
{[%clk 00:00:52]} {[%emt 00:00:04]} 34. Bxc8 {[%clk 00:00:10]} {[%emt
00:00:07]} Kxc8 {[%clk 00:00:56]} 35. Kd2 {[%clk 00:00:12]} {[%emt 00:00:03]}
Kb7 {[%clk 00:00:55]} {[%emt 00:00:06]} 36. Kc3 {[%clk 00:00:15]} {[%emt
00:00:02]} Nd7 {[%clk 00:00:51]} {[%emt 00:00:09]} 37. Nd3 {[%clk 00:00:17]}
{[%emt 00:00:02]} Bf6 {[%clk 00:00:48]} {[%emt 00:00:09]} 38. Nb1 {[%clk
00:00:13]} {[%emt 00:00:09]} Be7 {[%clk 00:00:49]} {[%emt 00:00:02]} 39. Nd2
{[%clk 00:00:17]} {[%emt 00:00:03]} Ng7 {[%clk 00:00:42]} {[%emt 00:00:12]} 40.
Nb3 {[%emt 00:00:04]} Ne8 {[%clk 00:00:43]} {[%emt 00:00:02]} 41. Ne1 {[%clk
00:00:08]} {[%emt 00:00:17]} Ng7 {[%clk 00:00:35]} {[%emt 00:00:13]} 42. Ng2
{[%clk 00:00:12]} {[%emt 00:00:02]} Ne8 {[%clk 00:00:36]} {[%emt 00:00:04]} 43.
Ne1 {[%clk 00:00:08]} {[%emt 00:00:08]} Bf6 {[%clk 00:00:36]} {[%emt 00:00:05]}
44. Nd3 {[%clk 00:00:08]} {[%emt 00:00:04]} Be7 {[%clk 00:00:39]} {[%emt
00:00:02]} 45. c5 {[%clk 00:00:07]} {[%emt 00:00:07]} bxc5 {[%clk 00:00:41]}
{[%emt 00:00:03]} 46. bxc5 {[%clk 00:00:11]} Kc8 {[%clk 00:00:18]} {[%emt
00:00:28]} 47. c6 {[%clk 00:00:08]} {[%emt 00:00:08]} Nf8 {[%clk 00:00:14]}
{[%emt 00:00:08]} 48. Kc4 {[%clk 00:00:11]} {[%emt 00:00:03]} Nh7 {[%clk
00:00:13]} {[%emt 00:00:05]} 49. Kb5 {[%clk 00:00:11]} {[%emt 00:00:06]} Nhf6
{[%clk 00:00:09]} {[%emt 00:00:08]} 50. Nb4 {[%clk 00:00:11]} {[%emt 00:00:06]}
Bd8 {[%clk 00:00:11]} {[%emt 00:00:03]} 51. Nd2 {[%clk 00:00:11]} {[%emt
00:00:05]} Ng8 {[%clk 00:00:13]} {[%emt 00:00:04]} 52. Nc4 {[%clk 00:00:09]}
{[%emt 00:00:06]} Ngf6 {[%clk 00:00:15]} {[%emt 00:00:02]} 53. Ka6 {[%clk
00:00:11]} {[%emt 00:00:03]} Kb8 {[%clk 00:00:16]} {[%emt 00:00:05]} 54. Ba7+
{[%clk 00:00:13]} {[%emt 00:00:04]} Kc8 {[%clk 00:00:18]} {[%emt 00:00:01]} 55.
Nc2 {[%clk 00:00:10]} {[%emt 00:00:09]} Ng8 {[%clk 00:00:11]} {[%emt 00:00:12]}
56. N2a3 {[%clk 00:00:13]} {[%emt 00:00:02]} Ngf6 {[%clk 00:00:11]} {[%emt
00:00:05]} 57. Nb5 {[%clk 00:00:14]} {[%emt 00:00:04]} Be7 {[%clk 00:00:12]}
{[%emt 00:00:04]} 58. Be3 {[%clk 00:00:09]} {[%emt 00:00:09]} Ng8 {[%clk
00:00:12]} {[%emt 00:00:05]} 59. Ka7 {[%clk 00:00:12]} {[%emt 00:00:03]} Ngf6
{[%clk 00:00:13]} {[%emt 00:00:04]} 60. Ka8 {[%clk 00:00:16]} {[%emt 00:00:02]}
Bf8 {[%clk 00:00:15]} {[%emt 00:00:03]} 61. Na5 {[%clk 00:00:19]} {[%emt
00:00:02]} Nh7 {[%clk 00:00:12]} {[%emt 00:00:07]} 62. Na7 {[%clk 00:00:19]}
{[%emt 00:00:05]} Kd8 {[%clk 00:00:14]} {[%emt 00:00:02]} 63. Nb7 {[%clk
00:00:22]} {[%emt 00:00:03]} Ke7 {[%clk 00:00:16]} {[%emt 00:00:03]} 64. Kb8
{[%clk 00:00:26]} {[%emt 00:00:02]} Kf6 {[%clk 00:00:14]} {[%emt 00:00:07]} 65.
Nb5 {[%clk 00:00:29]} {[%emt 00:00:01]} Be7 {[%clk 00:00:13]} {[%emt 00:00:06]}
66. Nxc7 {[%clk 00:00:32]} {[%emt 00:00:02]} Nxc7 67. Kxc7 {[%clk 00:00:34]}
Nf8 {[%clk 00:00:10]} {[%emt 00:00:07]} 68. Bg5+ {[%clk 00:00:39]} {[%emt
00:00:01]} 1-0

[Event "World Youth & Cadets Rapid Championships"]
[Site "Rhodes, Greece"]
[Date "2022.05.01"]
[Round "9.20"]
[White "Bogdanov, Artyom"]
[Black "Groot Wassink, Leon"]
[Result "1-0"]
[TimeControl "10'/game & 5\"/move"]
[WhiteElo "1450"]
[BlackElo "1472"]

1. e4 {[%clk 00:10:08]} {[%emt 00:00:02]} e5 {[%clk 00:10:09]} {[%emt
00:00:02]} 2. Nf3 {[%clk 00:10:11]} {[%emt 00:00:01]} Nc6 {[%clk 00:10:13]}
{[%emt 00:00:02]} 3. Bb5 {[%clk 00:10:15]} {[%emt 00:00:01]} Nf6 {[%clk
00:10:16]} {[%emt 00:00:02]} 4. O-O {[%clk 00:10:16]} {[%emt 00:00:03]} d6
{[%clk 00:10:19]} {[%emt 00:00:03]} 5. h3 {[%clk 00:10:19]} {[%emt 00:00:01]}
Be7 {[%clk 00:10:19]} {[%emt 00:00:05]} 6. Nc3 {[%clk 00:10:18]} {[%emt
00:00:06]} O-O {[%clk 00:10:21]} {[%emt 00:00:04]} 7. d4 {[%clk 00:10:22]} exd4
{[%clk 00:10:15]} {[%emt 00:00:11]} 8. Nxd4 {[%clk 00:10:25]} {[%emt 00:00:02]}
Nxd4 {[%clk 00:09:57]} {[%emt 00:00:23]} 9. Qxd4 {[%clk 00:10:28]} {[%emt
00:00:02]} c6 {[%clk 00:09:59]} {[%emt 00:00:02]} 10. Be2 {[%clk 00:10:17]}
{[%emt 00:00:16]} Qc7 {[%clk 00:09:43]} {[%emt 00:00:21]} 11. Bf4 {[%clk
00:09:50]} {[%emt 00:00:32]} Be6 {[%clk 00:09:28]} {[%emt 00:00:20]} 12. Rad1
{[%clk 00:09:40]} {[%emt 00:00:15]} c5 {[%clk 00:09:18]} {[%emt 00:00:16]} 13.
Qd2 {[%clk 00:09:37]} {[%emt 00:00:07]} Rad8 {[%clk 00:09:13]} {[%emt
00:00:10]} 14. Bf3 {[%clk 00:09:24]} {[%emt 00:00:18]} Qb6 {[%clk 00:08:33]}
{[%emt 00:00:46]} 15. b3 {[%clk 00:09:20]} {[%emt 00:00:09]} Rfe8 {[%clk
00:07:14]} {[%emt 00:01:24]} 16. Rfe1 {[%clk 00:09:22]} {[%emt 00:00:03]} h6
{[%clk 00:06:48]} {[%emt 00:00:31]} 17. Re2 {[%clk 00:08:34]} {[%emt 00:00:52]}
Qb4 {[%clk 00:05:35]} {[%emt 00:01:19]} 18. Nd5 {[%clk 00:07:34]} {[%emt
00:01:05]} Qxd2 {[%clk 00:05:28]} {[%emt 00:00:12]} 19. Nxe7+ {[%clk 00:07:32]}
{[%emt 00:00:06]} Rxe7 {[%clk 00:05:29]} {[%emt 00:00:05]} 20. Rexd2 {[%clk
00:07:36]} Red7 {[%clk 00:04:38]} {[%emt 00:00:57]} 21. Rxd6 {[%clk 00:07:19]}
{[%emt 00:00:20]} Rxd6 {[%clk 00:04:36]} {[%emt 00:00:08]} 22. Rxd6 {[%clk
00:07:22]} {[%emt 00:00:02]} Rxd6 {[%clk 00:04:39]} {[%emt 00:00:02]} 23. Bxd6
{[%clk 00:07:24]} {[%emt 00:00:02]} Nd7 {[%clk 00:04:34]} {[%emt 00:00:10]} 24.
Kf1 {[%clk 00:07:07]} {[%emt 00:00:22]} Kh7 {[%clk 00:04:31]} {[%emt 00:00:09]}
25. Be2 {[%clk 00:06:58]} {[%emt 00:00:14]} a6 {[%emt 00:00:15]} 26. f4 {[%clk
00:06:50]} {[%emt 00:00:11]} f5 {[%clk 00:04:15]} {[%emt 00:00:12]} 27. Bd3
{[%clk 00:06:53]} {[%emt 00:00:03]} Kg6 {[%clk 00:03:30]} {[%emt 00:00:50]} 28.
g4 {[%clk 00:05:36]} {[%emt 00:01:22]} fxe4 {[%clk 00:03:14]} {[%emt 00:00:21]}
29. Bxe4+ {[%clk 00:05:35]} {[%emt 00:00:07]} Kf6 {[%clk 00:03:13]} {[%emt
00:00:04]} 30. Bxb7 {[%clk 00:05:30]} {[%emt 00:00:10]} a5 {[%clk 00:02:18]}
{[%emt 00:01:01]} 31. Bc6 {[%clk 00:05:33]} {[%emt 00:00:02]} h5 {[%clk
00:01:55]} {[%emt 00:00:28]} 32. f5 {[%clk 00:05:36]} {[%emt 00:00:02]} hxg4
{[%clk 00:01:39]} {[%emt 00:00:21]} 33. hxg4 {[%clk 00:05:37]} {[%emt
00:00:02]} Ne5 {[%clk 00:01:30]} {[%emt 00:00:15]} 34. Bxe5+ {[%clk 00:05:40]}
{[%emt 00:00:03]} Kxe5 {[%clk 00:01:34]} {[%emt 00:00:01]} 35. fxe6 {[%clk
00:05:40]} {[%emt 00:00:04]} Kxe6 {[%clk 00:01:39]} 36. Kf2 {[%clk 00:05:43]}
{[%emt 00:00:03]} Ke5 {[%clk 00:01:30]} {[%emt 00:00:14]} 37. Ke3 {[%clk
00:05:46]} {[%emt 00:00:01]} g5 {[%clk 00:01:30]} {[%emt 00:00:05]} 38. Bb7
{[%clk 00:05:45]} {[%emt 00:00:06]} Kf6 {[%clk 00:01:26]} {[%emt 00:00:10]} 39.
Ke4 {[%clk 00:05:48]} {[%emt 00:00:01]} Ke6 {[%clk 00:01:30]} {[%emt 00:00:01]}
40. Bd5+ {[%clk 00:05:52]} {[%emt 00:00:02]} Kd6 {[%clk 00:01:33]} {[%emt
00:00:01]} 41. Bc4 {[%clk 00:05:56]} {[%emt 00:00:02]} Ke7 {[%clk 00:01:34]}
{[%emt 00:00:04]} 42. Kf5 {[%clk 00:05:59]} Kf8 {[%clk 00:01:38]} {[%emt
00:00:01]} 43. Kxg5 {[%clk 00:06:03]} {[%emt 00:00:02]} Kg7 {[%clk 00:01:42]}
44. Kf5 {[%clk 00:06:04]} {[%emt 00:00:03]} Kf8 {[%clk 00:01:45]} {[%emt
00:00:02]} 45. g5 {[%clk 00:06:08]} {[%emt 00:00:01]} Kg7 {[%clk 00:01:50]} 46.
g6 {[%clk 00:06:12]} {[%emt 00:00:02]} Kf8 {[%clk 00:01:52]} {[%emt 00:00:03]}
47. Kf6 {[%clk 00:06:12]} {[%emt 00:00:05]} a4 {[%clk 00:01:55]} {[%emt
00:00:03]} 48. Bf7 {[%clk 00:06:13]} {[%emt 00:00:03]} axb3 {[%clk 00:01:53]}
{[%emt 00:00:07]} 49. g7# {[%clk 00:06:16]} {[%emt 00:00:02]} 1-0